Sports Quiz

Random Sports or Football Quiz

1975 NL Opening Day Lineups Quiz Stats

Quiz not verified by Sporcle

Challenge
Share
Tweet
Embed
Score 0/120 Timer 12:00
0 Plays Today
Team Player % Correct
RedsJohnny Bench
95.4%
RedsJoe Morgan
95.2%
RedsPete Rose
94.7%
RedsTony Perez
94.7%
BravesMarty Perez
94.5%
RedsDave Concepcion
93.5%
PiratesWillie Stargell
93.1%
DodgersSteve Garvey
92.7%
PhilliesMike Schmidt
91.9%
DodgersRon Cey
91.3%
DodgersDave Lopes
90%
CardinalsReggie Smith
89.4%
RedsSparky Anderson
88.9%
PhilliesMike Anderson
88.9%
PhilliesLarry Bowa
87.1%
DodgersBill Russell
87%
RedsKen Griffey
85.8%
MetsTom Seaver
85.5%
PadresRandy Jones
84.5%
RedsCesar Geronimo
84.3%
CardinalsLou Brock
84%
DodgersDon Sutton
83.8%
PhilliesGreg Luzinski
83.7%
AstrosCesar Cedeno
83.4%
PiratesDave Parker
81.6%
PhilliesSteve Carlton
81.5%
ExposGary Carter
80.9%
DodgersSteve Yeager
80.1%
PadresWillie McCovey
79.4%
DodgersWalter Alston
78.9%
AstrosCliff Johnson
78.1%
GiantsGarry Maddox
77.4%
PhilliesBob Boone
77.4%
CardinalsTed Simmons
77.1%
CardinalsKeith Hernandez
77.1%
PadresEnzo Hernandez
77%
BravesDusty Baker
76.9%
PiratesManny Sanguillen
76.8%
AstrosJose Cruz
75.7%
DodgersJimmy Wynn
75.2%
Team Player % Correct
BravesPhil Niekro
74.6%
AstrosMilt May
74.2%
MetsJoe Torre
74.2%
PadresDave Winfield
73.4%
BravesClyde King
73.1%
CubsRick Monday
73.1%
PhilliesDave Cash
72.5%
CubsBill Madlock
71.7%
PiratesAl Oliver
71.1%
MetsBud Harrelson
70.8%
MetsDave Kingman
69.9%
CardinalsBob Gibson
69.8%
PiratesRennie Stennett
69.7%
PiratesRichie Hebner
69.7%
BravesDarrell Evans
68.7%
CubsDon Kessinger
68.4%
BravesRalph Garr
67.7%
GiantsGary Matthews
67.4%
DodgersBill Buckner
67.3%
RedsDon Gullett
67.2%
MetsJerry Grote
66.4%
CardinalsKen Reitz
65.9%
CardinalsBake McBride
63.7%
GiantsChris Speier
62.5%
AstrosDoug Rader
60.9%
GiantsDave Rader
60.9%
PiratesDanny Murtaugh
60.7%
ExposTim Foli
60.6%
AstrosLarry Dierker
59.1%
MetsFelix Millan
58.8%
DodgersJoe Ferguson
58%
PhilliesWillie Montanez
58%
CardinalsTed Sizemore
57.8%
CubsManny Trillo
56%
AstrosRoger Metzger
54.1%
CardinalsRed Schoendienst
53.7%
MetsYogi Berra
53.6%
GiantsBobby Murcer
52.7%
PiratesRichie Zisk
52.7%
PhilliesDanny Ozark
52.3%
Team Player % Correct
MetsJohn Milner
51.9%
PiratesFrank Taveras
51.2%
ExposLarry Parrish
49.2%
PiratesDock Ellis
49.2%
GiantsDerrel Thomas
48.6%
PadresTito Fuentes
45.2%
AstrosEnos Cabell
44.3%
CubsJose Cardenal
42.4%
ExposGene Mauch
42.3%
ExposBarry Foote
41.8%
PadresRandy Hundley
41.3%
PadresGlenn Beckert
40.8%
CubsSteve Swisher
38.6%
CubsJerry Morales
38.2%
BravesMike Lum
38.1%
BravesRowland Office
37.7%
GiantsSteve Ontiveros
37.4%
ExposTony Scott
35.6%
ExposMike Jorgensen
35.5%
MetsDel Unser
35.2%
AstrosPreston Gomez
33.3%
CubsPete LaCock
31.9%
PadresBob Tolan
31.9%
GiantsJim Barr
31.2%
RedsJohn Vukovich
30.3%
AstrosRob Andrews
27.7%
CubsBill Bonham
27.6%
GiantsGary Thomasson
27.3%
PadresJohnny Grubb
23.7%
MetsGene Clines
23.5%
CubsJim Marshall
22.1%
BravesLarvell Blanks
20.5%
BravesVic Correll
18.6%
PadresJohn McNamara
17.7%
ExposDave McNally
17.5%
ExposPepe Mangual
17.3%
ExposPete Mackanin
17.1%
CardinalsEd Brinkman
16.4%
PhilliesAlan Bannister
14.4%
GiantsWes Westrum
13.2%

You're not logged in!

Compare scores with friends on all Sporcle quizzes.
Sign Up with Email
OR
Log In

You Might Also Like...

Show Comments

Extras

Top Quizzes Today


Score Distribution

Your Account Isn't Verified!

In order to create a playlist on Sporcle, you need to verify the email address you used during registration. Go to your Sporcle Settings to finish the process.